| 000 | 00498nam a2200157Ia 4500 | ||
|---|---|---|---|
| 008 | 230312s9999||||xx |||||||||||||| ||und|| | ||
| 020 | _a0-300-07207-4 | ||
| 082 |
_a720.92241 _bBIO |
||
| 100 | _aHoward Colvin | ||
| 245 | 0 | _aBiographical Dictionary of British Architects | |
| 260 |
_bYale University Press _aLondon _c1995 |
||
| 300 | _a1264 | ||
| 546 | _aEng. | ||
| 650 |
_aDictionary _vPreface , Prefaceto second edition , Acknowledgements |
||
| 942 | _cBK | ||
| 999 |
_c4640 _d4640 |
||